000
00309nam a2200109Ia 4500
008
201217s9999 xx 000 0 und d
100
_a
Aoki, Masahiko
245
0
_a
Information, Incentives, and Bargaining in the Japanese Economy
260
_a
New York
_b
Cambridge University Press
300
_a
320
942
_c
BK
999
_c
8174
_d
8174